Normal view
MARC view
- Americans
Entry Topical Term
001 - CONTROL NUMBER
- control field: 11356
003 - CONTROL NUMBER IDENTIFIER
- control field: NUST
005 - DATE AND TIME OF LATEST TRANSACTION
- control field: 20180702073012.0
008 - FIXED-LENGTH DATA ELEMENTS
- fixed length control field: 180702|| aca||aabn | a|a d
040 ## - CATALOGING SOURCE
- Original cataloging agency: NUST
- Transcribing agency: NUST
150 ## - HEADING--TOPICAL TERM
- Topical term or geographic name entry element: Americans
- Geographic subdivision: China
- Geographic subdivision: Shanghai
- Form subdivision: Fiction.
670 ## - SOURCE DATA FOUND
- Source citation: Work cat.: (NUST)71669: Xu, Ruiyan. 11353, The lost and forgotten languages of Shanghai =, 2010.
